| 000 | 01250cam a2200325 4500 | ||
|---|---|---|---|
| 001 | M82782 | ||
| 008 | 090401t1997 xxu||||| |||| 00| 0 eng d | ||
| 035 | _a(Sirsi) u77139 | ||
| 041 | _aeng | ||
| 050 |
_a333.0062 _c18 |
||
| 110 |
_aRoyal Institution of Chartered Surveyors _94900 |
||
| 245 | 4 |
_aThe chartered surveyors' rule book _brules of conduct for chartered surveyors. |
|
| 250 | _aRev. ed. | ||
| 260 |
_aLondon _bRICS _c1997 |
||
| 300 |
_aca. 100p. _c21cm. |
||
| 350 | _a0 | ||
| 490 | _aRICS Chartered Surveyors' Rule Book | ||
| 490 | _aRICS Rules of Conduct | ||
| 520 | _aTemporary format following the rule changes made as a result of the RICS constitutional review. Includes amendments agreed by General Council on 3 February 1997. | ||
| 520 | _aSuperseded by "Professional conduct: rules of conduct and disciplinary procedures" (ISBN 0854068775). Supersedes 1996 edition (M2235) | ||
| 650 | _aRICS BYE-LAWS | ||
| 650 | _aRICS MEMBERS' ACCOUNTS RULES | ||
| 650 | _aRICS PROFESSIONAL INDEMNITY INSURANCE RULES | ||
| 650 | _aPROFESSIONAL CONDUCT | ||
| 650 | _aRICS REGULATIONS | ||
| 650 | _aRICS RULES OF CONDUCT | ||
| 690 | _aMANAGEMENT-BUSINESS MANAGEMENT-PROFESSIONAL PRACTICE | ||
| 942 | _n0 | ||
| 948 | _c17/03/1997 | ||
| 999 |
_c96284 _d96284 |
||